Princeton Architectural Press

Сохранить в:
Библиографические подробности
Формат:
Язык:Undetermined
Опубликовано: New York Kevin Lippert Publisher 2003
Предметы:
Метки: Добавить метку
Нет меток, Требуется 1-ая метка записи!
Thư viện lưu trữ: Trung tâm Học liệu Trường Đại học Cần Thơ
LEADER 00457nam a2200169Ia 4500
001 CTU_69331
008 210402s9999 xx 000 0 und d
082 |a 721 
082 |b P954 
245 0 |a Princeton Architectural Press 
260 |a New York 
260 |b Kevin Lippert Publisher 
260 |c 2003 
650 |a Architecture,Buildings 
650 |x Design and construction 
904 |i Minh 
980 |a Trung tâm Học liệu Trường Đại học Cần Thơ